000 00613nam a2200169 4500
001 123353
003 ES-MaACL
005 20230906192145.0
007 t|
008 070214s1967 sp r ||||1| spa d
100 1 _aRachewiltz, Boris de.
_994879
245 1 0 _aEros negro
_b: costumbres sexuales en Africa, desde la prehistoria hasta nuestros días /
_cpor Boris de Rachewiltz ; traducción de José Víctor Botaya Fabra.
260 _aBarcelona :
_bSagitario,
_c1967.
300 _a310 p., 38 lám. :
_bil. ;
_c23 cm.
700 1 _aBotaya Fabra, José Víctor.
_930741
852 _aES-MaACL
_jC-32268
_bR.62755
999 _c123353
_d123353